LDR 00772naa#a2200181#i#450# 001 EN\\bibl\109692 005 20260416202302.4 011 ## _a1994-4683 100 ## _a20240329b2024####ek#y0engy0150####ca 102 ## _aRU 200 1# _aParameters that determine the effectiveness of tactical and technical actions in the competitive activities of handball players of the first year of training at the initial training stage _eJournal article 210 1# _aMoscow _cNational State University of Physical Education, Sports and Health named after P.F. Lesgaft _d2024 215 ## _a5 с. 608 ## _aJournal article _2local 675 ## _aГандбол, ручной мяч. 796.322 _z 700 #1 _aMokina _gElena Igorevna 700 #1 _aLutkova _gNataliya Valeryevna 856 4# _auchzapiski.lesgaft.spb.ru _u